000 01499nam a22003975c 4500
001 195745
003 SpMaBN
005 20250825062741.0
008 250206s2019 sp a | |||| 000 0cspa
017 _aM 2287-2019
_bOficina Depósito Legal Madrid
020 _a9788440728982
020 _a9788440728975
_q(O.C.)
035 _a(OCoLC)1117419225
035 _aa6480111
040 _aSpMaBN
_bspa
_cSpMaBN
_erda
080 _a929 Churchill, Winston, Sir
080 _a929 Kennedy, John F.
245 0 0 _aWinston Churchill ;
_bJohn Fitzgerald Kennedy /
_cprólogo, Equipo Editorial CIL.
246 _aJohn Fitzgerald Kennedy
264 1 _aMadrid :
_bClub Internacional del Libro,
_c[2019]
300 _a386 páginas :
_bretratos (blanco y negro) ;
_c19 cm.
336 _aTexto
_2rdacontent
337 _asin mediación
_2rdamedia
338 _avolumen
_2rdacarrier
490 1 _aNombres que dejaron huella
600 1 4 _aChurchill, Winston,
_cSir,
_d1874-1965
_938708
600 1 7 _aKennedy, John F.,
_d1917-1963
_2embne
_9239598
655 0 _aBiografías
_9176647
710 2 _aClub Internacional del Libro, Marketing Directo
_9237415
830 _9239596
_aNombres que dejaron huella
852 _aES-MaACL
_cDEPOJ
_jN-8752
_hDonación: Editorial
_xEncuadernación cartoné
_9204603
942 _2udc
_cMONOGRAFIA
_n0
954 _iTatiana Alejandra de Castro Pérez
999 _c195745
_d195745